[Event "World Women-ch k.o."]
[Site "Moscow"]
[Date "2001.12.02"]
[Round "3.2"]
[White "Galliamova, Alisa"]
[Black "Kosteniuk, Alexandra"]
[Result "0-1"]
[WhiteElo "2547"]
[BlackElo "2445"]
[PlyCount "92"]
[EventDate "2001.11.27"]
[EventType "k.o."]
[EventRounds "6"]
[EventCountry "RUS"]
[SourceTitle "CBM 085 Extra"]
[Source "ChessBase"]
[SourceDate "2002.01.21"]
[SourceVersion "1"]
[SourceVersionDate "2002.01.21"]
[SourceQuality "1"]

1. e4 c5 2. Nf3 Nc6 3. d4 cxd4 4. Nxd4 Nf6 5. Nc3 d6 6. Bg5 e6 7. Qd2 a6 8.
O-O-O h6 9. Bf4 Bd7 10. Nxc6 Bxc6 11. Qe1 Qa5 12. Bc4 Be7 13. Bb3 Rd8 14. f3 b5
15. Bd2 b4 16. Ne2 d5 17. e5 Nd7 18. Qg3 Qc7 19. Nd4 Kf8 20. f4 Bc5 21. Nxc6
Qxc6 22. f5 exf5 23. Rhf1 Qe6 24. Qh4 Qe7 25. Qh3 g6 26. e6 fxe6 27. g4 Nf6 28.
gxf5 exf5 29. Rde1 Qd7 30. Qh4 Kf7 31. Re5 a5 32. Rd1 Rhe8 33. Rxe8 Rxe8 34.
Bxh6 Re4 35. Qh3 a4 36. Bg5 axb3 37. Qxb3 Qe6 38. a3 Be7 39. Bxf6 Kxf6 40. axb4
Rxb4 41. Qc3+ Qe5 42. Qc6+ Kg7 43. c3 Bg5+ 44. Kb1 Qe4+ 45. Ka2 Rxb2+ 46. Ka3
Qc2 0-1

[Event "World Women-ch k.o."]
[Site "Moscow"]
[Date "2001.12.03"]
[Round "4.1"]
[White "Kosteniuk, Alexandra"]
[Black "Skripchenko, Almira"]
[Result "1/2-1/2"]
[WhiteElo "2445"]
[BlackElo "2494"]
[PlyCount "90"]
[EventDate "2001.11.27"]
[EventType "k.o."]
[EventRounds "6"]
[EventCountry "RUS"]
[SourceTitle "CBM 085 Extra"]
[Source "ChessBase"]
[SourceDate "2002.01.21"]
[SourceVersion "1"]
[SourceVersionDate "2002.01.21"]
[SourceQuality "1"]

1. e4 c5 2. Nf3 Nc6 3. d4 cxd4 4. Nxd4 Nf6 5. Nc3 e5 6. Ndb5 d6 7. Bg5 a6 8.
Na3 b5 9. Bxf6 gxf6 10. Nd5 Bg7 11. c3 f5 12. exf5 Bxf5 13. Nc2 O-O 14. Nce3
Be6 15. Qh5 f5 16. Bd3 e4 17. Bc2 Ne7 18. Nf4 Bf7 19. Bb3 Qd7 20. Rd1 Be5 21.
Qg5+ Kh8 22. Nfd5 Nxd5 23. Nxd5 Rg8 24. Qe3 Rae8 25. g3 a5 26. Qb6 Bh5 27. Rd2
Bf3 28. Rg1 f4 29. Nf6 Bxf6 30. Bxg8 Qg7 31. Bd5 b4 32. Qc6 Qg6 33. Kf1 e3 34.
Bxf3 exd2 35. Kg2 bxc3 36. bxc3 fxg3 37. hxg3 Bg5 38. Rh1 Re5 39. Qb7 h6 40.
Rb1 Re1 41. Qa8+ Re8 42. Qc6 Rf8 43. Be4 Qf7 44. Qb6 Qe6 45. Qb7 Qf7 1/2-1/2

[Event "World Women-ch k.o."]
[Site "Moscow"]
[Date "2001.12.06"]
[Round "5.1"]
[White "Xu, Yuhua"]
[Black "Kosteniuk, Alexandra"]
[Result "1-0"]
[WhiteElo "2485"]
[BlackElo "2455"]
[PlyCount "75"]
[EventDate "2001.11.27"]
[EventType "k.o."]
[EventRounds "6"]
[EventCountry "RUS"]
[SourceTitle "CBM 085 Extra"]
[Source "ChessBase"]
[SourceDate "2002.01.21"]
[SourceVersion "1"]
[SourceVersionDate "2002.01.21"]
[SourceQuality "1"]

1. e4 c5 2. Nf3 Nc6 3. Bb5 d6 4. O-O Bd7 5. Re1 Nf6 6. c3 a6 7. Bf1 Bg4 8. h3
Bh5 9. d4 cxd4 10. cxd4 Bxf3 11. gxf3 g6 12. d5 Nb8 13. Qb3 Qc7 14. Be3 Nbd7
15. Rc1 Qb8 16. Nd2 Bg7 17. Nc4 O-O 18. h4 Nh5 19. Nb6 Nxb6 20. Qxb6 Bf6 21.
Rc7 Bxh4 22. Rac1 Qe8 23. b3 f5 24. e5 Rd8 25. Qxb7 dxe5 26. Bxa6 Rd6 27. Rc8
Rd8 28. Bb5 Qf7 29. Rxd8 Rxd8 30. d6 f4 31. Rc8 Qf8 32. Qd5+ Kg7 33. Rxd8 Qxd8
34. Bc5 exd6 35. Qxd6 Qa8 36. Bc6 Qg8 37. Qxe5+ Nf6 38. Qe7+ 1-0

[Event "World Women-ch k.o."]
[Site "Moscow"]
[Date "2001.12.07"]
[Round "5.2"]
[White "Kosteniuk, Alexandra"]
[Black "Xu, Yuhua"]
[Result "1-0"]
[WhiteElo "2455"]
[BlackElo "2485"]
[PlyCount "73"]
[EventDate "2001.11.27"]
[EventType "k.o."]
[EventRounds "6"]
[EventCountry "RUS"]
[SourceTitle "CBM 085 Extra"]
[Source "ChessBase"]
[SourceDate "2002.01.21"]
[SourceVersion "1"]
[SourceVersionDate "2002.01.21"]
[SourceQuality "1"]

1. e4 e5 2. Nf3 Nf6 3. Nc3 Nc6 4. d4 exd4 5. Nxd4 Bb4 6. Nxc6 bxc6 7. Bd3 d5 8.
exd5 cxd5 9. O-O O-O 10. Bg5 c6 11. Ne2 h6 12. Bh4 Bd6 13. Nd4 c5 14. Nf5 Bxf5
15. Bxf5 Rb8 16. Rb1 Rb4 17. Bg3 Bxg3 18. hxg3 Re8 19. c3 Rb7 20. Qa4 Re2 21.
b4 cxb4 22. cxb4 Re5 23. Bd3 Ne4 24. Rbc1 g6 25. Ba6 Rb8 26. a3 d4 27. Bd3 Nc3
28. Qxa7 Ra8 29. Qb7 Rxa3 30. Ra1 Rxa1 31. Rxa1 Qd5 32. Qb8+ Kg7 33. Ra5 Re1+
34. Kh2 Qd7 35. Ra8 Kf6 36. Qh8+ Ke7 37. Bxg6 1-0

[Event "World Women-ch k.o."]
[Site "Moscow"]
[Date "2001.12.14"]
[Round "6.6"]
[White "Kosteniuk, Alexandra"]
[Black "Zhu, Chen"]
[Result "1-0"]
[WhiteElo "2455"]
[BlackElo "2497"]
[Annotator "Kostakiev,D"]
[PlyCount "75"]
[EventDate "2001.11.27"]
[EventType "k.o."]
[EventRounds "6"]
[EventCountry "RUS"]
[SourceTitle "CBM 085 Extra"]
[Source "ChessBase"]
[SourceDate "2002.01.21"]
[SourceVersion "1"]
[SourceVersionDate "2002.01.21"]
[SourceQuality "1"]

1. e4 c5 2. Nf3 d6 3. d4 cxd4 4. Nxd4 Nf6 5. Nc3 a6 6. f3 $1 {[1955 I.Ivanko.
Boom 2000. White: -53%]} e5 (6... e6 7. Be3 b5 8. g4 (8. Qd2 Nbd7 9. g4 {
1-0 Anand,V-Van Wely,L/Monaco 2000/CBM 75/[Ftacnik] (32)}) 8... Bb7 (8... Nfd7
{1-0 Smirnov,P-Shipov,S/Elista 2001/CBM 83/[Ftacnik] (39)}) (8... Nfd7 9. Qd2
Nb6 10. O-O-O N8d7 11. Bg5 Qc7 12. Ndxb5 axb5 13. Nxb5 Qc6 14. Nxd6+ {1/2-1/2
Ponomariov,R-Svidler,P/Moscow RUS 2001 (46)}) 9. Qd2 Nfd7 10. O-O-O {1-0
Fedorov,A-Shipov,S/Sankt_Peterburg 1994/Inf 62 (44)}) (6... Qb6 {Wells} 7. g4 (
7. Nb3 e6 8. Qe2 {1/2-1/2 Sax,G-Odeev,H/Saint Vincent 2000/CBM 78/[Wells] (34)}
) 7... Nc6 8. Nb3 e6 {1-0 Ponomariov,R-Georgiev,K/Moscow RUS 2001/The Week in
Chess 369 (57)}) 7. Nb3 (7. Nde2 Be6 {0-1 Ivanco,I-Zobel,L/Stary Smokovec 1955/
EXT 99 (37)}) 7... Be6 8. Be3 Be7 (8... Nbd7 9. g4 b5 10. g5 Nh5 11. Qd2 Be7
12. O-O-O Nb6 13. Nd5 Nxd5 14. exd5 Bd7 15. Na5 O-O 16. Kb1 f6 $6 {1-0
Grischuk,A-Fressinet,L/Lausanne 2000/CBM 78/[Ftacnik] (33)} (16... Rc8 $1 {
Ftacnik})) 9. Qd2 h5 (9... O-O 10. O-O-O b5 11. Nd5 (11. g4 {Atlas,V} b4 12.
Nd5 (12. Na4 $5 {(Atlas,V) is known to be an important alternative to the text.
It was successfully applied in a number of the high level games, in particular,
Adams,M-Sadler,M/London 1988/TD, Svidler,P-Hansen,C/Groningen 1995/CBM 51, and
Kasparov,G-Ricardi,P/Buenos Aires 1997/EXT 98}) 12... Bxd5 13. exd5 a5 14. Kb1
{0-1 Sax,G-Gallagher,J/Baden 1999/CBM 71/[Atlas,V] (34)}) 11... Nxd5 12. exd5
Bf5 13. g4 {0-1 Vasiukov,E-Gufeld,E/USSR 1979/Inf 27 (42)}) 10. Be2 (10. O-O-O
{1-0 Motylev,A-Hulak,K/Ohrid 2001/CBM 84/[Ftacnik] (43) Ftacnik}) 10... Nbd7
11. a4 (11. O-O Rc8 12. Kh1 h4 13. f4 {0-1 Bezgodov,A-Rashkovsky,N/Samara 2000/
CBM 78/[Ftacnik] (35)}) 11... Rc8 12. a5 g6 (12... Qc7 13. O-O O-O 14. Rfd1
Rfd8 15. Qe1 (15. Nc1 d5 16. Nxd5 {0-1 Hracek,Z-Ftacnik,L/Germany/1999/ (40)})
15... Qc6 (15... Nc5 {1/2-1/2 Rytshagov,M-Gadjilu,R/Elista/1998/ (53)}) (15...
g6 {1/2-1/2 Feher,G-Krutti,V/Budapest/1999/ (46)}) 16. Rac1 (16. Qd2 Qc7 $5)
16... d5 $1 {Black has achieved great success with the exchange of his
backward d6 pawn, all his pieces are in the center.} 17. exd5 {0-1 Kashtanov,
R-Popov,V/St Petersburg 2000/CBM 76/[Ftacnik] (38)}) 13. O-O h4 {[#]} 14. Na4
$6 $146 (14. Nc1 Qc7 {0-1 Morozevich,A-Sadler,M/Reykjavik 1999/EXT 2000 (37)})
(14. Nd5 $1 $146 {Newest Novelty} Bxd5 15. exd5 Nh5 16. c4 f5 17. Rfd1 (17.
Rae1 $5) 17... f4 18. Bf2 h3 $14 {0-1 Kosteniuk,A-Zhu Chen/Moscow RUS 2001/[DK]
(36)}) (14. Rfd1 $5 $146 {is to be checked on practice!}) 14... Nh5 $6 (14...
d5 $1 15. Bh6 dxe4 $15) 15. Rfd1 $14 f5 (15... Nf4) 16. exf5 (16. Bd3) 16...
gxf5 $11 17. f4 Qc7 $5 (17... Nhf6 $14) 18. Rac1 (18. fxe5 dxe5 19. Bxh5+ Rxh5
20. Rac1 h3 $132) 18... h3 $2 (18... Nhf6 $11) 19. Nb6 Ndf6 $2 (19... Nxb6 20.
Bxb6 Qc6 21. Bf3 Qb5 22. g3 $16) 20. Nxc8 $18 (20. Bxh5+ $18 Nxh5 21. Nxc8 $18)
20... Qxc8 21. Bf3 hxg2 22. c4 Kf7 23. c5 Bxb3 24. cxd6 Qe6 25. Rc7 Bxd1 26.
Qxd1 Kg6 27. Rxe7 Qc4 28. fxe5 Ng3 29. Kxg2 f4 30. exf6 Nf5 31. Bf2 Kxf6 32.
Re4 Qg8+ 33. Bg4 Qh7 34. Qf3 Qxh2+ 35. Kf1 Rc8 36. Rxf4 Rc1+ 37. Ke2 Rc2+ 38.
Kd3 1-0

[Event "Moscow-ch"]
[Site "Moscow"]
[Date "2002.??.??"]
[Round "1"]
[White "Dragomarezkij, Evgeni"]
[Black "Kosteniuk, Alexandra"]
[Result "1/2-1/2"]
[WhiteElo "2468"]
[BlackElo "2402"]
[PlyCount "108"]
[EventDate "2002.??.??"]
[EventType "k.o."]
[EventRounds "5"]
[EventCountry "RUS"]
[SourceTitle "EXT 2003"]
[Source "ChessBase"]
[SourceDate "2002.11.25"]
[SourceVersion "1"]
[SourceVersionDate "2002.11.25"]
[SourceQuality "1"]

1. d4 d5 2. c4 e6 3. cxd5 exd5 4. Nc3 c6 5. Nf3 Bf5 6. Bf4 Qb6 7. Na4 Qa5+ 8.
Nd2 Nf6 9. a3 Nh5 10. b4 Qd8 11. Bxb8 Rxb8 12. e3 Nf6 13. Qb3 Bd6 14. Bd3 Bg6
15. Rc1 Qe7 16. g3 O-O 17. Bxg6 hxg6 18. O-O Rfe8 19. Qd1 g5 20. Re1 a5 21. Nc5
axb4 22. axb4 b6 23. Nd3 Rec8 24. Qa4 Ne4 25. Rc2 Ra8 26. Qb3 Ra6 27. Rec1 Rca8
28. Nb1 Qd7 29. Rxc6 Qf5 30. Qd1 g4 31. Nc3 Bf8 32. Nxe4 dxe4 33. Ne5 Ra2 34.
R6c2 Bxb4 35. Qxg4 Qxg4 36. Nxg4 f6 37. Kg2 Bd2 38. Rc8+ Rxc8 39. Rxc8+ Kf7 40.
Rb8 Rb2 41. Rb7+ Kf8 42. d5 f5 43. d6 fxg4 44. Rb8+ Kf7 45. d7 Bxe3 46. Rf8+
Kxf8 47. d8=Q+ Kf7 48. Qc7+ Kf6 49. Qd6+ Kf7 50. Qd7+ Kf6 51. Qxg4 Rxf2+ 52.
Kh3 Rb2 53. Qxe4 Bg1 54. Qc6+ Kf7 1/2-1/2

[Event "Moscow-ch"]
[Site "Moscow"]
[Date "2002.??.??"]
[Round "1"]
[White "Kosteniuk, Alexandra"]
[Black "Dragomarezkij, Evgeni"]
[Result "0-1"]
[WhiteElo "2402"]
[BlackElo "2468"]
[PlyCount "78"]
[EventDate "2002.??.??"]
[EventType "k.o."]
[EventRounds "5"]
[EventCountry "RUS"]
[SourceTitle "EXT 2003"]
[Source "ChessBase"]
[SourceDate "2002.11.25"]
[SourceVersion "1"]
[SourceVersionDate "2002.11.25"]
[SourceQuality "1"]

1. e4 c5 2. Nf3 e6 3. d4 cxd4 4. Nxd4 Nc6 5. Nc3 Qc7 6. Be2 Nf6 7. O-O Be7 8.
Be3 O-O 9. f4 d6 10. Qe1 Nxd4 11. Bxd4 e5 12. Be3 exf4 13. Rxf4 Be6 14. Rd1 a6
15. Bd4 Nd7 16. Nd5 Bxd5 17. exd5 Ne5 18. c3 f5 19. Qg3 g6 20. Rdf1 Kh8 21. h4
Bf6 22. h5 Qg7 23. hxg6 hxg6 24. R4f2 Kg8 25. Be3 Kf7 26. Qf4 Rh8 27. g3 Rh3
28. Rg2 Rd8 29. Qb4 Rd7 30. c4 Qh8 31. c5 Rh1+ 32. Kf2 Rxf1+ 33. Kxf1 Qh1+ 34.
Kf2 dxc5 35. Qxc5 Be7 36. Qd4 Bd6 37. Bg5 Rc7 38. Be3 Rc2 39. g4 Rxe2+ 0-1

[Event "Moscow Aeroflot op"]
[Site "Moscow"]
[Date "2002.02.05"]
[Round "1"]
[White "Fedorov, Alexei"]
[Black "Kosteniuk, Alexandra"]
[Result "1/2-1/2"]
[WhiteElo "2589"]
[BlackElo "2469"]
[PlyCount "118"]
[EventDate "2002.02.04"]
[EventType "swiss"]
[EventRounds "9"]
[EventCountry "RUS"]
[SourceTitle "CBM 088"]
[Source "ChessBase"]
[SourceDate "2002.03.21"]
[SourceVersion "1"]
[SourceVersionDate "2002.03.21"]
[SourceQuality "1"]

1. e4 c5 2. Nf3 Nc6 3. d4 cxd4 4. Nxd4 Nf6 5. Nc3 d6 6. Bc4 e6 7. Be3 a6 8. Qe2
Qc7 9. O-O-O Na5 10. Bd3 b5 11. a3 Rb8 12. f4 Nc4 13. Bxc4 bxc4 14. e5 dxe5 15.
fxe5 Nd5 16. Nxd5 exd5 17. Rhf1 Qb7 18. Kd2 Bc5 19. e6 O-O 20. Rxf7 Rxf7 21.
exf7+ Qxf7 22. Nc6 Bg4 23. Qxg4 Bxe3+ 24. Kxe3 Qe8+ 25. Kd2 Qxc6 26. Qd4 Qh6+
27. Kc3 Rd8 28. h4 Qd6 29. Kd2 Qh6+ 30. Ke2 Qg6 31. Kd2 Qxg2+ 32. Kc1 Qe2 33.
Kb1 Rd7 34. Rg1 Qe6 35. h5 h6 36. Rg6 Qe2 37. Rxa6 Qxh5 38. a4 Qh1+ 39. Ka2 Qe4
40. Qxe4 dxe4 41. Re6 g5 42. Rxh6 Kf7 43. a5 e3 44. Rh7+ Ke6 45. Rh3 e2 46.
Re3+ Kf5 47. Rxe2 Rd5 48. Ka3 Rxa5+ 49. Kb4 Re5 50. Rf2+ Ke4 51. Kxc4 Ke3 52.
Rf1 Ke2 53. Rh1 g4 54. b4 g3 55. b5 g2 56. Rg1 Kf2 57. Rxg2+ Kxg2 58. b6 Kf3
59. b7 Re8 1/2-1/2

[Event "Moscow Aeroflot op"]
[Site "Moscow"]
[Date "2002.02.05"]
[Round "2"]
[White "Kosteniuk, Alexandra"]
[Black "Psakhis, Lev"]
[Result "0-1"]
[WhiteElo "2469"]
[BlackElo "2572"]
[Annotator "Psakhis,L"]
[PlyCount "76"]
[EventDate "2002.02.04"]
[EventType "swiss"]
[EventRounds "9"]
[EventCountry "RUS"]
[SourceTitle "CBM 088"]
[Source "ChessBase"]
[SourceDate "2002.03.21"]
[SourceVersion "1"]
[SourceVersionDate "2002.03.21"]
[SourceQuality "1"]

1. e4 e6 2. d4 d5 3. Nd2 c5 4. exd5 exd5 5. Ngf3 c4 {I never played this line,
but it was second game at day , everybody were tired and I wanted to get out
of theory.} 6. a4 $6 {Surprise! I never suspect about existence of this move/}
({As usual White plays} 6. b3 cxb3 7. axb3 ({worth considering} 7. Bb5+ $5 Bd7
8. Qe2+ Qe7 9. Bxd7+ Nxd7 10. axb3 Ngf6 11. Nf1 Qxe2+ 12. Kxe2 Bb4 13. Bd2 Bxd2
14. N3xd2 Nf8 $1 15. g3 Ne6 16. c3 $14 {1-0 Beliavsky,A-Gulko,B/Reykjavik 1991/
Inf 52/[Beliavsky,A] (33)}) 7... Bb4 8. Bb5+ Bd7 9. Qe2+ Ne7 10. O-O O-O 11.
Ba3 Bxa3 12. Rxa3 Bxb5 13. Qxb5 Qc7 14. Re1 Qxc2 15. Qxb7 Nbc6 16. Raa1 Rab8
$13 {1/2-1/2 Korneev,O-Garcia Martinez,S/Mislata op 1999/Ajelibre (49)}) 6...
Nc6 $146 (6... Bb4 7. c3 Ba5 8. Be2 Ne7 9. O-O Qd6 10. Re1 O-O 11. Bxc4 Bxc3
12. bxc3 Qc7 13. Bf1 Bg4 {Hurley,P-Brajkovic,N/Toronto op 1992/1-0 (43)}) 7. b3
cxb3 ({I spent some time checking} 7... c3 $5 8. Nb1 Bb4 {and} 9. Qd3 $140 $6 {
works bad -} ({but I could't find something real after} 9. Bd3 $142 Nf6 10. O-O
O-O 11. Ba3 a5 12. Bc1 $5 {[%cal Gb1a3,Ga3b5] with too strange position for
second game of the day!}) 9... Nf6 10. Nxc3 $2 Qe7+ $1 11. Kd1 Ne4 $19) ({
Worth considering simple} 7... Bf5 $5 {and after} 8. c3 cxb3 9. Qxb3 Qe7+ $132
{black is doing very well.}) 8. Nxb3 (8. cxb3 Bb4 $15) 8... Bg4 9. Be2 Bd6 (
9... Bb4+ 10. Bd2 Bxd2+ 11. Qxd2 Nf6 12. Ne5 $11 {was enough for equalization,
but I pretended already for more}) 10. O-O Nge7 11. Ne5 $5 Bxe2 12. Qxe2 O-O
13. f4 $1 {Somehow I missed this possibility.} Qc7 (13... Rc8 $5 {[%cal Gc6b4]}
) 14. Bb2 Rae8 15. Rae1 f6 $5 ({Unfortunately} 15... Bb4 16. c3 (16. Rd1 f6 $15
) 16... Bxc3 {doesn't work, because of} 17. Bxc3 Nxe5 18. Ba5 $1 Qc4 19. Qxc4
Nxc4 20. Bb4 $14) 16. Nd3 Qc8 17. Qf3 b6 {[%csl Ra4][%cal Gc8a6]} (17... Nb4 $5
{was safer option, for example} 18. Ndc5 (18. Nxb4 Bxb4 19. Re2 Qc4 {[%cal
Ge7f5,Gf5d6]}) 18... Nxc2 19. Re2 Nb4 20. Ne6 Rf7 $132 {but, to be honest, I
underestimate white's attacking chances}) 18. f5 $1 Qa6 (18... Nb4 $5) 19. Re6
Rd8 20. Qh5 $1 {[%cal Gf1f3,Gf3h3,Ge6e3,Ge3h3] Just now I brought my mind to
understanding how dangerous is my position.} Qc4 $1 $138 (20... Qxa4 21. Re3 {
[%csl Ra4]}) 21. Re3 Kh8 $8 {[%mdl 256] It was not so easy to make this
passive move, but I remembered well old clever words - nothing to be got
without pain - and was ready to suffer!} (21... Qxc2 22. Rh3 h6 23. Bc1 $1 Qxb3
24. Bxh6 $40) 22. Rh3 h6 {[%cal Ge7g8]} 23. Rf2 (23. Bc1 Ng8 {looks passive,
but safe!My biggiest problem was that time that I had left 1-2 minutes on my
clock. Fortunately my charming opponent hadn't much more!}) 23... Ng8 24. Bc1
Rfe8 (24... Rde8 $5) 25. g4 $1 $138 {Kosteniuk adds oil to the fire!} Nb4 $1
$138 {Only move} (25... Nxd4 $2 {lose quickly after} 26. g5 Nxb3 27. gxh6 $1
$18) 26. g5 (26. Nxb4 $5 Bxb4 27. g5 fxg5 28. Bxg5 (28. f6 gxf6 29. Qg6 Re1+
30. Kg2 Rd7 $19) 28... Re1+ (28... Be7 29. Re3 $1) 29. Kg2 Be7 30. f6 (30. Bd2
Re4) 30... Bxf6 31. Bxf6 gxf6 $13 (31... Nxf6 $2 32. Rxf6 $18)) 26... fxg5 27.
f6 Nxd3 $1 ({it was another good chance to lose game -} 27... gxf6 $2 28. Rxf6
$1 Bf8 29. Bxg5 $1 Nxd3 30. Rxh6+ Bxh6 31. Bf6+ Nxf6 32. Qxh6+ Kg8 33. Qg6+ $18
) 28. fxg7+ (28. Qg6 Re1+ 29. Kg2 Nxf6 $5 30. cxd3 Qc8 $1 31. Rxh6+ Kg8) 28...
Kh7 $8 (28... Kxg7 $2 29. cxd3 (29. Bxg5 Re1+ 30. Kg2 Nxf2 31. Bxh6+ Nxh6 32.
Qxh6+ Kf7 $19) 29... Re1+ 30. Kg2 Qc6 (30... Qxb3 31. Bxg5 $18) 31. Bxg5 Be7
32. Rf7+ Kh8 33. Bf4 $1 $18) 29. Rxd3 (29. cxd3 Qxb3 30. Qxg5 (30. Bxg5 Re1+
31. Kg2 Qb1) 30... Re6 $1 31. Qxd8 Rg6+ 32. Rg3 Bxg3 33. hxg3 Qd1+ 34. Kg2 Qxc1
$19) 29... Re7 $6 {It's little bit strange even for me, but after} (29... Re1+
$1 30. Kg2 Rd7 $17 {black's chances are much better}) 30. Bxg5 Rxg7 31. Rf7 $1
Qxc2 $2 {Second mistake in row, but I hope for understanding : we hadn't any
time and played just according to intuition.} (31... Rf8 $142 $1 32. Rxg7+ Kxg7
$17) 32. Rxg7+ $2 $138 (32. Rd2 $142 $1 Qb1+ $1 (32... Qxb3 $2 33. Rxg7+ Kxg7
34. Bxh6+ Nxh6 35. Rg2+ Bg3 $8 36. Rxg3+ Qxg3+ 37. hxg3 Nf7 $16) 33. Rd1 Qxb3
34. Rxg7+ Kxg7 35. Bxd8 Qe3+ 36. Kg2 Qe4+ 37. Qf3 Qc2+ $13) 32... Kxg7 $17 {
Now it's became clear, that Black off the hook!} 33. Rh3 $2 {Final mistake,
rest is simple} (33. Bxd8 Qxd3 34. Qxd5 Qe3+ 35. Kf1 Bxh2 $17) 33... hxg5 $19
34. Qh8+ (34. Qxg5+ Qg6) 34... Kf8 35. Rh7 Qd1+ 36. Kg2 Qg4+ 37. Kf2 Qf5+ (
37... Rd7 $5) 38. Kg1 Qf6 (38... Qf6 39. Qxf6+ Nxf6 40. Rxa7 Ne4 $19) 0-1

[Event "Moscow Aeroflot op"]
[Site "Moscow"]
[Date "2002.02.06"]
[Round "3"]
[White "Goloshchapov, Alexander"]
[Black "Kosteniuk, Alexandra"]
[Result "1-0"]
[WhiteElo "2545"]
[BlackElo "2469"]
[Annotator "Gershon,A"]
[PlyCount "115"]
[EventDate "2002.02.04"]
[EventType "swiss"]
[EventRounds "9"]
[EventCountry "RUS"]
[SourceTitle "CBM 088"]
[Source "ChessBase"]
[SourceDate "2002.03.21"]
[SourceVersion "1"]
[SourceVersionDate "2002.03.21"]
[SourceQuality "1"]

1. e4 c5 2. Nf3 Nc6 3. d4 cxd4 4. Nxd4 Nf6 5. Nc3 d6 6. Bg5 e6 7. Qd2 a6 8.
O-O-O h6 9. Nxc6 bxc6 10. Bf4 d5 11. Qe3 Bb4 (11... Be7 12. Be2 Bb7 13. Qg3 g6
14. Bc7 $1 Qc8 15. Bf3 O-O 16. Na4 Nd7 17. Kb1 a5 18. c4 $16 {
Shekachev-Pochikeev,1997 Smolensk}) 12. a3 (12. Be2 Bxc3 13. Qxc3 Nxe4 14. Qxg7
Qf6 15. Qxf6 Nxf6 16. Be5 (16. Rd3 $5) 16... Ke7 17. g4 Rg8 18. Rhg1 a5 (18...
Nd7 19. Bf4 $16) 19. Bf4 Ne4 (19... Ba6 $5) 20. Rdf1 $16 {1-0 Sutovsky,
E-Gershon,A/New York 1998/CBM 64/[Gofshtein,L] (55). (54)} (20. f3 $2 Nf2 21.
Rdf1 Nh3)) 12... Bxc3 $6 {Leads to a worse endgame by force.} (12... Be7 {
is the better move}) (12... Ba5 13. Be2 Bb7 (13... O-O 14. e5 Nd7 (14... Bxc3
15. Qxc3 Ne4 16. Qe3 f6 17. f3 fxe5 18. Bxe5 $16 {1/2-1/2 Degraeve,J-Apicella,
M/Bescanon FRA 1999 (45)}) 15. Qg3 Bc7 (15... Kh8 16. Qh3 $40) (15... Bxc3 16.
Qxc3 $16) 16. Kb1 $1 Bb8 17. Rhe1 f5 18. Bh5 $16 {Greenfed.A}) 14. Qg3 Bxc3 15.
Qxc3 Nxe4 16. Qxg7 Qf6 17. Qxf6 Nxf6 18. Rd3 $16 Ne4 19. Rf1 $1 {Greenfeld.
A-Vydeslaver.A Israel 1998}) 13. Qxc3 Nxe4 14. Qxg7 Qf6 15. Qxf6 Nxf6 16. c4 $6
{White's idea is typical to prevent black from moving his center.However,
tactically, this move allows black to organize counterplay against the
advanced pawn} ({better is:} 16. Be5 Ke7 17. g4 {[%csl Rh6]} Rg8 18. f3 {
white's position is much better. The bishop pair makes much easier for white
to exploit black's weaknesses.}) 16... a5 $1 17. f3 (17. Be5 Ke7 18. a4 {
would ahve been more precise}) 17... Ba6 18. b3 Ke7 $6 (18... a4 $142 {black
should have tried her chances on the queenside.} 19. b4 (19. bxa4 Bxc4 20. Bxc4
dxc4 $11) 19... Bxc4 20. Bxc4 dxc4 21. Rd4 Nd5 22. Rxc4 Nxf4 23. Rxf4 Rd8 {
with good chaces for a draw.}) 19. a4 $1 {[%csl Ra5]} Nd7 20. Bd3 e5 21. Rhe1
Kd6 22. Bg3 (22. cxd5 {fails due to the intermediate} Bxd3 $1 ({but not:} 22...
exf4 $4 23. dxc6 Kxc6 24. Be4+ Kc7 25. Bxa8 Rxa8 26. Re7 Rd8 27. Rxf7 $18) 23.
dxc6 Kxc6 $17) 22... h5 23. f4 $1 {white must make black center as vulerable
as possible.} f6 24. Bf5 {[%csl Rd7,Re5]} h4 25. Bf2 {threatening to win a pawn
} Rad8 (25... exf4 {is suicidal} 26. Re6+ Kc7 27. Re7 Rad8 28. cxd5 $18) 26. g3
(26. Bxd7 $140 Rxd7 27. fxe5+ fxe5 28. Rxe5 Kxe5 29. Bd4+ Ke6 30. cxd5+ Rxd5
31. Re1+ Kf7 32. Bxh8 Rg5 {black has good chances for a draw.}) 26... Nc5 {
black couldn't wait any longer.} (26... hxg3 27. Bxg3 Rhe8 28. Re2 {[%csl Gh2]
[%cal Gh2h7] the active pieces and the passer on 'h' should decide the game.})
27. cxd5 Nxb3+ (27... cxd5 28. fxe5+ fxe5 29. Bxc5+ Kxc5 30. Rxe5 $16) 28. Kc2
Nd4+ 29. Bxd4 exd4 30. dxc6 Kxc6 31. Re6+ {now it's all technical} Rd6 32. Be4+
Kc5 33. Rxd6 Kxd6 34. Rxd4+ {[%csl Ra5,Rf6] a pawn and more active pieces are
decisive} Kc5 35. Kc3 hxg3 36. Rd5+ Kb6 37. Rd6+ Ka7 38. hxg3 Rc8+ 39. Rc6 Rg8
(39... Rxc6+ 40. Bxc6 {the B's endgame is easily won}) 40. Rxf6 Rxg3+ 41. Kd4
Ra3 42. Rf7+ $1 {gaining some time to think with the new time control.} Kb6 43.
Rf6+ Ka7 44. Bc6 Bd3 45. Bb5 $1 {the simplest way. Rook endgame is easily
winning} Bxb5 (45... Bc2 46. Ra6+ Kb7 47. Rxa5) 46. axb5 Kb7 47. Ra6 a4 48. Ke5
Ra1 49. f5 a3 50. Ke6 a2 51. Kf6 {Now, white rook gets to the 2nd rank, and
white wins easily.} Kb8 52. Rb6+ $1 Kc7 53. Rc6+ Kb7 54. Rc2 Kb6 55. Rb2 Kc7
56. Rg2 {with the treat Kg6} ({even the less precise} 56. b6+ {would have won
after:} Kb7 57. Rg2 Kxb6 58. Kg6 Kb5 59. f6 Kb4 60. f7 {and black is 1 tempo
short}) 56... Kd7 57. b6 Kc6 58. Kg6 1-0